[Event "San Francisco TNM Summer op"]
[Site "San Francisco"]
[Date "2014.06.24"]
[Round "5"]
[White "Otterbach, Renate"]
[Black "Zulkhuu, Amuunaa"]
[Result "0-1"]
[WhiteElo "994"]
[BlackElo "842"]
[PlyCount "68"]
[EventDate "2014.05.27"]
[EventType "swiss"]
[EventRounds "8"]
[EventCountry "USA"]
[SourceTitle "EXT 2016"]
[Source "ChessBase"]
[SourceDate "2015.10.08"]
[SourceVersion "1"]
[SourceVersionDate "2015.10.08"]
[SourceQuality "1"]

1. d4 d5 2. Nf3 Nf6 3. e3 Nc6 4. c3 Bf5 5. Qb3 b6 6. Qa4 Bd7 7. Bb5 Nb8 8. Ne5 e6 9. Qb3 Bd6 10. Bd3 0-0 11. Nd2 Nc6 12. f4 Ng4 13. Ndf3 Bxe5 14. fxe5 f6 15. Bd2 fxe5 16. e4 Rxf3 17. Be2 Qh4+ 18. g3 Rxg3 19. 0-0-0 Nf2 20. exd5 Nxd1 21. dxe6 Bxe6 22. Qxe6+ Kh8 23. Qxc6 Rf8 24. Re1 Qxh2 25. Kxd1 Rg2 26. Qxc7 h5 27. Qxe5 Qxe5 28. dxe5 h4 29. Rh1 Rff2 30. Rxh4+ Kg8 31. Bc4+ Kf8 32. Rh8+ Ke7 33. Bg5+ Rxg5 34. Rb8 Rg1+ 0-1